000 00994nas a2200349 4500
001 BR0302950
003 BR-BrBNA
005 20231205103852.0
007 ta
008 230509b bl.|||p| |||| 00| 00por d
040 _aBR-BrBNA
_bpor
_cBiblioteca Nacional de Agricultura
041 _a(Pt)
072 _aL01; L02
100 1 _aRestle, J.
100 1 _aNeumann, M.
100 1 _aBrondani, I.L.
100 1 _aAlves Filho, D.C.
100 1 _aSilva, J.H.S. da
100 1 _aGonçalves, J.M.
100 1 _aKuss, F.
245 1 _aProdução do superprecoce a partir de bezerros desmamados aos 72 ou 210 dias de idade
650 _aBEZERRO
650 _aCONFINAMENTO
650 _aDESMAMA
650 _aPESO
650 _aABATE
650 _aCARCAÇA
650 _aMATÉRIA SECA
773 0 _tRevista Brasileira de Zootecnia (Brazil)
_xISSN 1516-3598
_g(Jul-Aug 2002), v. 31(4) p. 1803-1813
_wBR0302950
909 _a202311
_bLúcia
_c55
_dLúcia Elande
942 _2AGRIS
_n0
_cANA
999 _c175159
_d175159